000 00553nam a22001577a 4500
003 OSt
005 20151101094236.0
008 151101b xxu||||| |||| 00| 0 eng d
040 _cRUA
082 _aFOR ហ៊ួត 1989 B115 Or.1
100 _93110
_aហ៊ួត ប៊ុនណារី
245 _aគំរោងវិធានការដាំព្រៃឡើងវិញនៅស្រុករមាសហែក ខេត្តស្វាយរៀង
260 _aPhnom Penh
_bRUA
_c1989
300 _a85p.
_bill.
_c29cm.
942 _2ddc
_cFIS
999 _c2900
_d2900